Residential property price report January - March; April-June; July-Sept; Oct-Dec 2001 (Record no. 101535)

MARC details
000 -LEADER
fixed length control field 00640cam a2200217 4500
001 - CONTROL NUMBER
control field J64680
008 - FIXED-LENGTH DATA ELEMENTS--GENERAL INFORMATION
fixed length control field 000000n2001 000 0 eng u
035 ## - SYSTEM CONTROL NUMBER
System control number (Sirsi) u113669
041 ## - LANGUAGE CODE
Language code of text/sound track or separate title eng
050 ## - LIBRARY OF CONGRESS CALL NUMBER
Classification number 333.33
110 ## - MAIN ENTRY--CORPORATE NAME
Corporate name or jurisdiction name as entry element HM Land Registry
9 (RLIN) 1247
245 ## - TITLE STATEMENT
Title Residential property price report January - March; April-June; July-Sept; Oct-Dec 2001
260 ## - PUBLICATION, DISTRIBUTION, ETC.
Place of publication, distribution, etc. London
Name of publisher, distributor, etc. HM Land Registry
Date of publication, distribution, etc. 2001
300 ## - PHYSICAL DESCRIPTION
Extent 4 pt ; 30cm.
650 ## - SUBJECT ADDED ENTRY--TOPICAL TERM
Topical term or geographic name entry element HOUSE PRICES
650 ## - SUBJECT ADDED ENTRY--TOPICAL TERM
Topical term or geographic name entry element HOUSING MARKET
650 ## - SUBJECT ADDED ENTRY--TOPICAL TERM
Topical term or geographic name entry element PRICES
650 ## - SUBJECT ADDED ENTRY--TOPICAL TERM
Topical term or geographic name entry element RESIDENTIAL PROPERTY
9 (RLIN) 6266
690 ## - LOCAL SUBJECT ADDED ENTRY--TOPICAL TERM (OCLC, RLIN)
Topical term or geographic name as entry element PROPERTY-RESIDENTIAL PROPERTY-RESIDENTIAL PROPERTY MARKET
942 ## - ADDED ENTRY ELEMENTS (KOHA)
Suppress in OPAC 0
Holdings
Withdrawn status Lost status Source of classification or shelving scheme Damaged status Not for loan Home library Current library Shelving location Date acquired Total Checkouts Full call number Barcode Date last seen Copy number Price effective from Koha item type
    Dewey Decimal Classification     London London Statistics 18/07/2001   STATISTICS 30064680 06/08/2019 1 06/08/2019 Reference material
    Dewey Decimal Classification     London London Statistics 21/03/2002   STATISTICS 30065212 06/08/2019 2 06/08/2019 Reference material
    Dewey Decimal Classification     London London Statistics 21/03/2002   STATISTICS 30065193 06/08/2019 3 06/08/2019 Reference material
    Dewey Decimal Classification     London London Statistics 21/03/2002   STATISTICS 30065199 06/08/2019 4 06/08/2019 Reference material